|
|
|
|
| LEADER |
00000nam0a2200000 4500 |
| 001 |
97043 |
| 005 |
20231031110750.0 |
| 035 |
|
|
|a (RuTPU)RU\TPU\book\104008
|
| 090 |
|
|
|a 97043
|
| 100 |
|
|
|a 20060522d2006 k y0rusy50 ca
|
| 101 |
0 |
|
|a rus
|
| 102 |
|
|
|a RU
|
| 105 |
|
|
|a a dm 001zy
|
| 200 |
1 |
|
|a Проектная деятельность в области физического эксперимента как средство формирования профессиональных компетенций у студентов педагогического вуза
|e автореферат диссертации на соискание ученой степени кандидата педагогических наук
|e Спец. 13.00.02
|f Ю. О. Лобода
|g Томский государственный педагогический университет; науч. рук. В. И. Шишковский
|
| 210 |
|
|
|a Томск
|c [Б. и.]
|d 2006
|
| 215 |
|
|
|a 23 с.
|c ил.
|
| 300 |
|
|
|a Защита сост. 8.06.2006 г.
|
| 320 |
|
|
|a Библиогр.: с. 22-23 (8 назв.).
|
| 610 |
1 |
|
|a педагогика
|
| 610 |
1 |
|
|a образование
|
| 610 |
1 |
|
|a обучение
|
| 610 |
1 |
|
|a физика
|
| 610 |
1 |
|
|a преподавание
|
| 610 |
1 |
|
|a физические эксперименты
|
| 610 |
1 |
|
|a проектная деятельность
|
| 610 |
1 |
|
|a авторефераты диссертаций
|
| 675 |
|
|
|a 53.05(04)
|v 3
|
| 686 |
|
|
|a Ч486
|2 rubbk
|
| 686 |
|
|
|a 13.00.02
|2 oksvnk
|
| 700 |
|
1 |
|a Лобода
|b Ю. О.
|g Юлия Олеговна
|
| 702 |
|
1 |
|a Шишковский
|b В. И.
|g Виктор Иванович
|4 727
|
| 712 |
0 |
2 |
|a Томский государственный педагогический университет
|2 stltpush
|3 (RuTPU)RU\TPU\col\40
|
| 801 |
|
1 |
|a RU
|b 63413507
|c 20060522
|g PSBO
|
| 801 |
|
2 |
|a RU
|b 63413507
|c 20140605
|g PSBO
|
| 942 |
|
|
|c BK
|